000 00742cam a22001691 4500
082 0 0 _a625.732
_bSLO
110 1 _aCalifornia.
_943698
245 1 0 _aSlope stability and foundation investigation.
_cPrepared by personnel of the Materials and Research Dept., California Division of Highways.
260 _aBerkeley,
_bUniversity of California [Institute of Transportation and Traffic Engineering]
_c1967.
300 _av, 109 p.
_billus., plans.
_c28 cm.
490 0 _aInstitute of Transportation and Traffic Engineering. Course notes
526 _a0
_b0
_c0
_d625_732000000000000_SLO
650 0 _aMCE
_9379
650 0 _aSlopes (Soil mechanics)
_937705
710 2 _aInstitute of Transportation and Traffic Engineering.
_943699
942 _2ddc
_cBK
999 _c547512
_d547512